| 000 | 03569nam a2200241Ia 4500 | ||
|---|---|---|---|
| 003 | OSt | ||
| 005 | 20251125164304.0 | ||
| 008 | 210719s2015 xx 000 0 und d | ||
| 040 | _cAL | ||
| 041 | _akan | ||
| 082 | _aK894.3 COER | ||
| 100 |
_aCOELHO (Paulo) _9176005 |
||
| 245 | _aRasavadi: ರಸವಾದಿ | ||
| 260 |
_aMangaluru _c2015 |
||
| 300 |
_a167 _bHB |
||
| 365 |
_b250 _cRs |
||
| 520 | _a'ದಿ ಆಲ್ಕೆಮಿಸ್ಟ್' ಎಂಬುದು ಕುರುಬ ಯುವಕ ಸ್ಯಾಂಟಿಯಾಗೊನ ಕಥೆಯಾಗಿದ್ದು, ಅವನು ಪ್ರಪಂಚವನ್ನು ಸುತ್ತುವ ಹಂಬಲದಿಂದ ಕುರುಬನಾದನು. ತನ್ನ ಆಕಾಂಕ್ಷೆಯನ್ನು ಅನುಸರಿಸಿ ಕುರುಬನಾದ ಹುಡುಗ, ತನ್ನ ಹೆತ್ತವರ ಭಯದ ಹೊರತಾಗಿಯೂ, ಪಾದ್ರಿಯಾಗಲು ಅನುವು ಮಾಡಿಕೊಡುವ ಶಿಕ್ಷಣದ ಹೊರತಾಗಿಯೂ. ಅವನು ಪ್ರಯಾಣಿಸಲು ಆಶಿಸುವವನಾಗಿದ್ದಾನೆ, ಆದ್ದರಿಂದ ಅವನು ಪ್ರಯಾಣವನ್ನು ಆರಿಸಿಕೊಂಡನು. ಒಂದು ದಿನ ಅವನಿಗೆ ಒಂದು ಕನಸು ಬಿತ್ತು, ಈ ಕನಸಿನ ಅರ್ಥ ಅವನಿಗೆ ಅರ್ಥವಾಗಲಿಲ್ಲ. ಆದ್ದರಿಂದ ಅವನು ಕನಸುಗಳನ್ನು ಅರ್ಥೈಸಬಲ್ಲ ಒಬ್ಬ ಜಿಪ್ಸಿ ಮಹಿಳೆಯ ಬಳಿಗೆ ಹೋದನು. ಅವಳು ಅವನಿಗೆ ಅವನ ಅದೃಷ್ಟವು ಅವನನ್ನು ಕರೆಯುತ್ತಿದೆ ಮತ್ತು ಅವನ ಅದೃಷ್ಟವು ಈಜಿಪ್ಟ್ನ ಪಿರಮಿಡ್ಗಳಿಗೆ ಹೋಗಿ ಅವನ ಜೀವನದ ನಿಧಿಯನ್ನು ಪಡೆಯುವುದು ಎಂದು ಹೇಳಿದಳು. ಅವನು ತನ್ನ ಕನಸಿನ ಬಗ್ಗೆ ಮತ್ತು 'ಸೇಲಂ ರಾಜ' ಎಂದು ಕರೆದುಕೊಳ್ಳುವ ವ್ಯಕ್ತಿಯನ್ನು ಭೇಟಿಯಾದಾಗ ಮಹಿಳೆ ಅವನಿಗೆ ಏನು ಹೇಳಿದಳು ಎಂಬುದರ ಬಗ್ಗೆ ಯೋಚಿಸುತ್ತಿದ್ದನು. ಅವನು ತನ್ನ ಕನಸನ್ನು, ತನ್ನ ಅದೃಷ್ಟವನ್ನು ಅನುಸರಿಸಲು ಅವನನ್ನು ಧೈರ್ಯಗೊಳಿಸುತ್ತಾನೆ. ಅಲ್ಲಿಂದ ಅವನ ಪ್ರಯಾಣ ಪ್ರಾರಂಭವಾಗುತ್ತದೆ. ಅವನು ತನ್ನ ಕುರಿಗಳನ್ನು ಮಾರಿ, ತನ್ನ ಮನೆಯನ್ನು ತೊರೆದು, ಅನೇಕ ಅಪಾಯಗಳನ್ನು ಎದುರಿಸಿ ಸ್ಪೇನ್ನಿಂದ ಉತ್ತರ ಆಫ್ರಿಕಾಕ್ಕೆ ಮತ್ತು ನಂತರ ಈಜಿಪ್ಟಿನ ಮರುಭೂಮಿಗಳಿಗೆ ಪ್ರಯಾಣಿಸಿದನು. ತನ್ನ ದಂಡಯಾತ್ರೆಯಲ್ಲಿ, ಅವನು ಅನೇಕ ವಿಷಯಗಳನ್ನು ಕಲಿತನು ಮತ್ತು ತನ್ನ ಕಲಿಕೆಯ ಸಹಾಯದಿಂದ, ಅಂತಿಮವಾಗಿ ತನ್ನ ನಿಧಿಯನ್ನು ಪಡೆದುಕೊಂಡನು. | ||
| 650 |
_aThe Alchemist _9176006 |
||
| 650 |
_aKannada Fiction _9176006 |
||
| 700 |
_aAbdul Raheem Teekay _dಅಬ್ದುಲ್ ರಹೀಮ್ ಟೀಕೆ tr _9246829 |
||
| 906 | _aRasavadi | ||
| 942 |
_2ddc _cBK |
||
| 999 |
_c215742 _d215742 |
||